| 000 | 00585cam a22002171 4500 | ||
|---|---|---|---|
| 001 | ca 31000300 | ||
| 003 | DLC | ||
| 005 | 20260227111125.0 | ||
| 008 | 800529s1931 tnu 000 0 eng | ||
| 010 | _aca 31000300 | ||
| 035 | _a(OCoLC)6369218 | ||
| 040 |
_aDLC _cAU _dDLC |
||
| 042 | _apremarc | ||
| 050 | 0 | 0 |
_aPS3525.I83 _bG7 1931 |
| 082 | _a812 | ||
| 100 | 1 | _aMiremont, Ernest Pierre. | |
| 245 | 1 | 4 |
_aThe great nowhere, _cby Ernest Pierre Miremont ... |
| 260 |
_aMemphis, Tenn., _bSouthern Drama Company, _cc 1931. |
||
| 300 |
_a2 p. l., 3-50 p. _c20 cm. |
||
| 500 | _aA play. | ||
| 999 |
_c16790 _d16790 |
||